ბათუმის შოთა რუსთაველის სახელმწიფო უნივერსიტეტის ბიბლიოთეკა

სვანური ენა : (ბიბ.ჩანაწერი № 54859)

000 -ლიდერი
ფიქსირებული სიგრძის საკონტროლო ველი 01338nam a2200277Ia 4500
001 - საკონტროლო ნომერი
საკონტროლო ველი 21928
003 - საკონტროლო ნომრის იდენტიფიკატორი
საკონტროლო ველი GE_BSU
005 - ბოლო ოპერაციის თარიღი და დრო
საკონტროლო ველი 20220817124845.0
008 - ფიქსირებული სიგრძის მონაცემთა ელემენტები - ზოგადი ინფორმაცია
ფიქსირებული სიგრძის საკონტროლო ველი 181216s ||||ge |||||||||||||| ||geo||
020 ## - წიგნის საერთაშორისო სტანდარტული ნომერი
International Standard Book Number 9789994094462
040 ## - კატალოგიზაციის წყარო
Transcribing agency GE_BSU
041 ## - ენის კოდი
Language code of text/sound track or separate title geo
080 ## - უნივერსალური ათობითი კლასიფიკაციის ინდექსი
Universal Decimal Classification number 811.353.2'36 ს-45
245 ## - ცნობა სათაურის შესახებ
Title სვანური ენა :
Remainder of title (გრამატიკული მიმოხილვა, ტექსტები, ლექსიკონი) /
Statement of responsibility, etc შემდგ. : ზ. ჭუმბურიძე, ლ. ნიჟარაძე, რ. ქურდაძე ; რედ. და წინასიტყვ. ზ. ჭუმბურიძე.
264 ## - წარმოების, გამოცემის, დისტრიბუციის და სხვა ცნობები
გამოცემის, წარმოების, დისტრიბუციის... ადგილი თბილისი :
გამოცემის, წარმოების, დისტრიბუციის... სახელწოდება პეტიტი,
გამოცემის, წარმოების, დისტრიბუციის... თარიღი 2007.
300 ## - ფიზიკური აღწერა
Extent 388 გვ. ;
Dimensions 20 სმ.
504 ## - BIBLIOGRAPHY, ETC. NOTE
Bibliography, etc ბიბლიოგრ. გვ. : 373-386
653 ## - INDEX TERM--UNCONTROLLED
Uncontrolled term სვანური ენა
653 ## - INDEX TERM--UNCONTROLLED
Uncontrolled term სვანური ენის გრამატიკა
700 ## - ADDED ENTRY--PERSONAL NAME
Personal name ჭუმბურიძე, ზ.
Relator term შემდგენელი
9 (RLIN) 7722
700 ## - ADDED ENTRY--PERSONAL NAME
Personal name ნიჟარაძე, ლ.
Relator term შემდგენელი
9 (RLIN) 14529
700 ## - ADDED ENTRY--PERSONAL NAME
Personal name ქურდაძე, რ.
Relator term შემდგენელი
9 (RLIN) 14530
700 ## - ADDED ENTRY--PERSONAL NAME
Personal name ჭუმბურიძე, ზ.
Relator term რედაქტორი
9 (RLIN) 7722
942 ## - ADDED ENTRY ELEMENTS (KOHA)
Koha item type წიგნი
Source of classification or shelving scheme
ეგზემპლარები
ჩამოწერის სტატუსი დაკარგული ეგზემპლარის სტატუსი კლასიფიკაციის წყარო ან თაროზე გაწყობის სქემა დაზიანების სტატუსი არ გაიცემა მუდმივი მდებარეობა (დაცვის ადგილი) ამჟამინდელი ადგილსამყოფელი თაროზე განთავსების ადგილი შეძენის თარიღი ღირებულება, შესყიდვის ნორმალური ფასი სრული შენახვის შიფრი შტრიხკოდი ბოლო ოპერაციის თარიღი ეგზემპლარის მიმდევრობითი ნომერი (კეტერი?) ფასის ძალაში შესვლის თარიღი ეგზემპლარის სახეობა საჯარო შენიშვნა
          ბათუმის შოთა რუსთაველის სახელმწიფო უნივერსიტეტის მთავარი ბიბლიოთეკა ბათუმის შოთა რუსთაველის სახელმწიფო უნივერსიტეტის მთავარი ბიბლიოთეკა წიგნსაცავი 2018-12-17 12.00 811.353.2'36 ს-45 56650 2018-12-17 56650 2018-12-17 წიგნი 12.00 ₾.